Movies Quiz

Random Movies or Letter Quiz

60 Second SPORCLE Blitz: Disney Animated Features Quiz Stats

Quiz Updated Nov 11, 2017

Challenge
Share
Tweet
Embed
Score 0/7 Timer 01:00
1 Play Today
Letter Disney Animated Movie % Correct
PPinocchio
89.8%
SSleeping Beauty
86.8%
LThe Lady and the Tramp
81.3%
CCinderella
73.9%
RRobin Hood
51.9%
OOliver & Company
47.4%
EThe Emperor's New Groove
22.4%

You're not logged in!

Compare scores with friends on all Sporcle quizzes.
Sign Up with Email
OR
Log In

You Might Also Like...

Show Comments

Extras

Top Quizzes Today


Score Distribution

Your Account Isn't Verified!

In order to create a playlist on Sporcle, you need to verify the email address you used during registration. Go to your Sporcle Settings to finish the process.

Report this User

Report this user for behavior that violates our Community Guidelines.

Details: